|
|
|
|
| LEADER |
00938naa a2200229 i 4500 |
| 001 |
acta82691 |
| 005 |
20231213135919.0 |
| 008 |
231213s2023 hu o 1|| hun d |
| 040 |
|
|
|a SZTE Egyetemi Kiadványok Repozitórium
|b hun
|
| 041 |
|
|
|a hun
|
| 100 |
1 |
|
|a Tóth Petra
|
| 245 |
1 |
2 |
|a A Cl + CH3 CN reakció mechanizmusainak és dinamikájának elméleti modellezése
|h [elektronikus dokumentum] :
|b [absztrakt] /
|c Tóth Petra
|
| 260 |
|
|
|c 2023
|
| 300 |
|
|
|a 120
|
| 490 |
0 |
|
|a Móra Kárpát-medencei Interdiszciplináris Szakkollégiumi Konferencia
|v 7
|
| 650 |
|
4 |
|a Természettudományok
|
| 650 |
|
4 |
|a Kémiai tudományok
|
| 695 |
|
|
|a Kémia - előadáskivonat
|
| 700 |
0 |
1 |
|a Szűcs Tímea
|e aut
|
| 700 |
0 |
1 |
|a Czakó Gábor
|e aut
|
| 711 |
|
|
|a VII. Móra Kárpát-medencei Interdiszciplináris Szakkollégiumi Konferencia
|c Szeged
|d 2023. november 17-19.
|
| 856 |
4 |
0 |
|u http://acta.bibl.u-szeged.hu/82691/1/morakonf_2023_120.pdf
|z Dokumentum-elérés
|